000
00198 a2200097 4500
020
_a
9780743470438
041
_a
eng
100
_a
medlicott,Joan
245
_a
Two days after the wedding
942
_c
BK
999
_c
11667
_d
11667